Guidelines for facilitating learning an education resources handbook
Αποθηκεύτηκε σε:
| Κύριος συγγραφέας: | |
|---|---|
| Μορφή: | Βιβλίο |
| Γλώσσα: | Undetermined |
| Έκδοση: |
Wisconsin
Univ. of WMS
1991
|
| Θέματα: | |
| Ετικέτες: |
Προσθήκη ετικέτας
Δεν υπάρχουν, Καταχωρήστε ετικέτα πρώτοι!
|
| Thư viện lưu trữ: | Trung tâm Học liệu Trường Đại học Cần Thơ |
|---|
| LEADER | 00594nam a2200181Ia 4500 | ||
|---|---|---|---|
| 001 | CTU_34144 | ||
| 008 | 210402s9999 xx 000 0 und d | ||
| 082 | |a 378 | ||
| 082 | |b G946 | ||
| 100 | |a University of Wisconsin Medical School | ||
| 245 | 0 | |a Guidelines for facilitating learning an education resources handbook | |
| 245 | 0 | |c University of Wisconsin Medical School | |
| 260 | |a Wisconsin | ||
| 260 | |b Univ. of WMS | ||
| 260 | |c 1991 | ||
| 650 | |a universities and colleges - us | ||
| 904 | |i Nguyễn Quang Điền, 991125 | ||
| 980 | |a Trung tâm Học liệu Trường Đại học Cần Thơ | ||